000 00285nam a22001337a 4500
008 171013b xxu||||| |||| 00| 0 eng d
020 _a9780805447880
041 _aeng
080 _a316
100 _a51
101 _aSOC
245 _aRENEWING MINDS
_cDOCKER.D.S
942 _2udc
_cBK
999 _c33659
_d33659